00577 2200205 4500001002100000005001700021008004100038035002400079090001500103100002500118245005900143260004100202300003100243500003100274650001700305850001500322980001300337985000600350999001500356YOGYA-0209000006306320090227040130.0 ind  0010-020900000063063 a615bTam T aTAMPUBOLON, Oswald T aTumbuhan obat bagi pencinta alamcOswald T. Tampubolon aJakartabBhratara Karya Aksarac1981 aviii, 126 hlmbilusc21 cm aBibliografi : hlm. 121-122 aTanaman obat aYOPDYOG(B) a29-07-06 a1 aa000037112